Номын сан,мэдээллийн байгууллагад мөрдөх стандартын эмхтгэл (Бичлэгийн дугаар. 1036598)

MARC дэлгэрэнгүй
000 -Удирдлага
Ном зүйн бүртгэл тоо буюу кодлох утгыг агуулсан 00960nam a22002177a 4500
008 - ЕРӨНХИЙ МЭДЭЭЛЭЛ-ЭЛЕМЕНТҮҮДИЙН ӨГӨГДЛИЙН УРТ
fixed length control field 240625b mp ||||| |||| 00| 0 mon d
035 ## - СИСТЕМИЙН ХЯНАЛТЫН ДУГААР
Системийн хяналтын дугаар 14397
040 ## - ЭХ СУРВАЛЖИЙГ ТОДОРХОЙЛОН БИЧИХ
Анхны каталогийн байгууллага GA0182080
Каталогийн хэл Монгол
Бичлэг хийж нэвтрүүлэх байгууллага MN-UlNLM
Өөрчлүүлэх байгууллага MN-UlNLM
Бичиглэлийн тодорхойлолт rda
041 ## - ХЭЛНИЙ КОД
Текстийн хэлний код/фонограм буюу салангид гарчиг Монгол
042 ## - AUTHENTICATION CODE
Authentication code 78156
084 ## - БУСАД АНГИЛЛЫН ДУГААР
Ангиллын нэр Номын сан номзүйн ангилал
Анги 78.30
Зохиогчийн 3-н тэмдэгт Н 728
100 ## - ЗОХИОГЧИЙН ХЭСЭГ
Зохиогчийн нэр Боловсруулсан Д.Энхтунгалаг, Н.Баясгалан, Г.Батцэнгэл
245 #0 - ҮНДСЭН ГАРЧИГ
Гарчиг Номын сан,мэдээллийн байгууллагад мөрдөх стандартын эмхтгэл
264 ## - ГАРАЛТЫН МЭДЭЭ
Бүтээгч, хэвлэгч, түгээгч, үйлдвэрлэгчийн нэр СХЗГ
Хэвлэгдсэн он 2013
300 ## - ТООНЫ МЭДЭЭ
Хуудасны тоо 278х.
336 ## - АГУУЛГЫН ТӨРӨЛ
Нөөц rdacontent
Агуулгын төрлийн нөхцөл text
Агуулгын төрлийн код txt
337 ## - MEDIA TYPE
Эх сурвалж rdamedia
Файлын төрөл unmediated
Файлын код n
338 ## - CARRIER TYPE
Source rdacarrier
Carrier type term volume
Carrier type code nc
650 ## - Сэдэв
Сэдэв номын санд мөрдөгдөх ном зүйн бичилт, архив номын сангийн өв санг хадгалж хамгаалах, тавигдах шаадлага, баримт бичгийн бүрдлүү...
942 ## - ЭЛЕМЕНТИЙН ТӨРӨЛ
Анги Номын сан номзүйн ангилал
Төрөл Ном
Захиалгууд
Буцаан татагдсан төлөв Хасагдсан шалтгаан Гэмтсэн төлөв Данс заагч Захиалах боломжгүй Үндсэн номын сан Одоогийн байршил Салбар танхим Салбар танхим Бүртгэсэн огноо Тавиурын заалт Баркод Үнэ Хамгийн сүүлд байсан огноо Нийт уншлаганд гарсан тоо Дансны дугаар Төрөл
          Говь-Алтай аймаг Говь-Алтай аймаг Говь-Алтай | Үндсэн фонд Говь-Алтай | Үндсэн фонд 2024-06-30 78.30 NNA GA01814397-1-1 75000.00 2024-06-30   47300 Ном